Statistiques concernant Taylor Swift - The Tortured Poets Department

Cliquez ici pour prendre le quiz!

Statistiques générales

  • Ce quiz a été pris 15 fois
  • Le résultat moyen est 11 sur 17

Statistiques - réponses

HintMusique% Correct
1Fortnight
93%
2The Tortured Poets Department
93%
6But Daddy i love him
86%
13I Can Do It With A Broken Heart
86%
5So Long, London
86%
16Clara Bow
79%
4Down Bad
79%
15The Alchemy
79%
11I Can Fix Him (no really i can)
71%
10Who’s afraid of little old me?
71%
3My boy only breaks his favorite toys
64%
8Florida!!!
57%
9Guilty as Sin
57%
7Fresh Out the Slammer
50%
14The Smallest Man Who Ever Lived
50%
12LOLM
29%
17The Bolter
14%

Distribution des résultats

Percentile par nombre de réponses

% des personnes avec chaque résultat

Votre développement - résultats

Vous n’avez pas pris ce quiz